| 000 | 00356nam a2200145Ia 4500 | ||
|---|---|---|---|
| 008 | 230312s9999||||xx |||||||||||||| ||und|| | ||
| 082 |
_a720 _bRAM-G |
||
| 100 | _aRamsey;Charles.George | ||
| 245 | 0 | _aGraphic Standards | |
| 260 |
_bJhon Wiley & Sons _aUSA _c1956 |
||
| 300 | _a758 | ||
| 546 | _aEng. | ||
| 650 |
_aArchitecture _vGraphic Standards |
||
| 942 | _cBK | ||
| 999 |
_c223 _d223 |
||